चन्द्रगुप्त / (Record no. 210718)

MARC details
000 -LEADER
fixed length control field 00703nam a22001817a 4500
005 - DATE AND TIME OF LATEST TRANSACTION
control field 20250403125224.0
010 ## - LCCN (DPL NO)
LC control number HIN-129576
020 ## - INTERNATIONAL STANDARD BOOK NUMBER
International Standard Book Number 9789393267986
Terms of availability 215.00
035 ## - SYSTEM CONTROL NUMBER
System control number HN-101922
037 ## - SOURCE OF ACQUISITION
Source of stock number/acquisition DBAD
082 ## - DEWEY DECIMAL CLASSIFICATION NUMBER
Classification number 822
100 ## - MAIN ENTRY--PERSONAL NAME
Personal name प्रसाद, जयशंकर
245 ## - TITLE STATEMENT
Title चन्द्रगुप्त /
Statement of responsibility, etc जयशंकर प्रसाद
260 ## - PUBLICATION, DISTRIBUTION, ETC. (IMPRINT)
Place of publication, distribution, etc दिल्ली
Name of publisher, distributor, etc राजपाल एंड संज
Date of publication, distribution, etc 2025
270 ## - ADDRESS
City दिल्ली
Address 1590, मदरसा रोड , कश्मीरी गेट,
Postal code 110006
300 ## - PHYSICAL DESCRIPTION
Extent 172पृ.
Dimensions 22सेमी. (अजिल्द)
942 ## - ADDED ENTRY ELEMENTS (KOHA)
Source of classification or shelving scheme Dewey Decimal Classification
Item type Hindi Books
Classification part 822
Call number suffix प्रसाद
Holdings
Withdrawn status Lost status Not for loan Collection code Home library Current library Date acquired Source of acquisition Cost, normal purchase price Full call number Barcode Copy number Cost, replacement price Koha item type
      Non-fiction Ashok Vihar Ashok Vihar 03/04/2025 DBAD 215.00 822 प्रसाद HN-101922 1 215.00 Hindi Books

© Delhi Public Library
Hit Counter
free hit counter